| 000 | 01981nam a2200217Ia 4500 | ||
|---|---|---|---|
| 003 | Ost | ||
| 005 | 20260416102402.0 | ||
| 008 | 260416s9999||||xx |||||||||||||| ||und|| | ||
| 040 | _cfsecg | ||
| 041 | _aara | ||
| 082 | _a657.42 | ||
| 100 |
_aكساب، أمينة _eمؤلف |
||
| 245 | 0 |
_aالمحاسبة التحليلية : _bدروس وتمارين / _c أمينة كساب |
|
| 260 |
_aالجزائر _bجامعة الجزائر3: كلية العلوم الإقتصادية، العلوم التجارية وعلوم التسيير _c2023 |
||
| 300 |
_a137 ورقة _bايضاحات _c12 سم |
||
| 504 | _aالمراجع ص.131 | ||
| 520 | _aتتناول هذه المطبوعة بشكل تفصيلي مفهوم المحاسبة التحليلية وأهميتها في المؤسسات الاقتصادية. تبدأ المطبوعة بتعريف المحاسبة التحليلية وأهدافها ووظائفها، ثم تنتقل إلى شرح مكونات التكاليف وسعر التكلفة وكيفية تحديده. بعد ذلك، تتناول المطبوعة موضوع تقييم المخزونات وطرق الجرد المختلفة، ثم تشرح بالتفصيل طريقة التكاليف الكلية، بما في ذلك تحليل الأعباء وطرق توزيعها. وتختتم المطبوعة بدراسات حالة تطبيقية توضح كيفية تطبيق المبادئ المحاسبية التحليلية في الواقع العملي. بشكل عام، تقدم هذه المطبوعة نظرة شاملة وشاملة لمختلف جوانب المحاسبة التحليلية، مما يجعلها مرجعًا قيمًا للدارسين والمهتمين بهذا المجال. | ||
| 653 | _aالمحاسبة التحليلية | ||
| 710 |
_aجامعة الجزائر3: كلية العلوم الإقتصادية، العلوم التجارية وعلوم التسيير _eناشر علمي |
||
| 942 | _cHANDOUT | ||
| 999 |
_c41455 _d41455 |
||